000 00306nam a2200121Ia 4500
008 191206s9999 xx 000 0 und d
090 _aPR4825.J3
245 0 _aThree men in a boat: (to say nothing of the dog)
250 _a2d ed.
260 _aA. Francke ag.
260 _cc[1944]
300 _a44 p. 20 cm.
999 _c17188
_d17188